| Поле | Инд. | ПП | Название | Значение |
|---|---|---|---|---|
| Тип записи | a | |||
| Библиографический уровень | b | |||
| 001 | Контрольный номер | RU/IS/BASE/124383355 | ||
| 005 | Дата корректировки | 20200630211031.6 | ||
| 084 | a | Индекс другой классификации/Индекс ББК | 65.240.7в6 | |
| 097 | 00 | a | 750 | |
| 100 | 10 | a | Автор | Алексеев А. И. |
| q | Полное имя | Алексеев Александр Иванович | ||
| 245 | 00 | a | Заглавие | Кризис урбанизации: формирование нового образа жизни |
| 504 | 00 | a | Библиография | Примеч. - Лит.: с. 146 |
| 520 | 00 | a | Аннотация | Исследован кризис урбанизации в аспекте изменения экономического и социокультурного взаимодействия города и села. Рурализация горожан, новые черты сельского образа жизни, патриархализация села рассматриваются как главные последствия общего кризиса в России. Исследование опирается на данные статистики. |
| 650 | a | Основная рубрика | трудовые ресурсы | |
| a | Основная рубрика | экономика | ||
| a | Основная рубрика | экономика труда | ||
| 653 | 00 | a | Ключевые слова | Балтийский регион |
| a | Ключевые слова | вынужденная миграция | ||
| a | Ключевые слова | города | ||
| a | Ключевые слова | городское население | ||
| a | Ключевые слова | занятость сельского населения | ||
| a | Ключевые слова | кризис урбанизации | ||
| a | Ключевые слова | миграция молодежи | ||
| a | Ключевые слова | миграция населения | ||
| a | Ключевые слова | образ жизни | ||
| a | Ключевые слова | Прибалтика | ||
| a | Ключевые слова | регионы России | ||
| a | Ключевые слова | Россия | ||
| a | Ключевые слова | рурализация | ||
| a | Ключевые слова | сезонная миграция | ||
| a | Ключевые слова | село | ||
| a | Ключевые слова | сельское население | ||
| a | Ключевые слова | Содружество Независимых Государств (СНГ) | ||
| a | Ключевые слова | социально-экономическое развитие | ||
| a | Ключевые слова | социокультурное развитие | ||
| a | Ключевые слова | трудовая миграция (миграция рабочей силы) | ||
| a | Ключевые слова | урбанизация | ||
| a | Ключевые слова | экономическая миграция | ||
| a | Ключевые слова | экономический кризис | ||
| 700 | 10 | a | Автор | Зубаревич Н. В. |
| q | Полное имя | Зубаревич Наталья Васильевна | ||
| 773 | 00 | t | Заглавие источника | Проблемы прогнозирования |
| d | Дата издания источника | 2000 | ||
| g | Прочая информация | № 4. - С. 138 - 146 : табл. | ||
| w | Контрольный № источника | RU/IS/BASE/142087671 | ||
| 901 | t | Тип документа | b |